000 00725nam a2200265Ia 4500
003 OSt
005 20220912150642.0
006 a|||||r|||| 00| 0
007 ta
008 220909b |||||||| |||| 00| 0 eng d
024 _a21541
037 _cTextual
040 _aCSL
_beng
_cCSL
041 _aeng
082 _aB2893P,2, L8
100 _aWhite D J
245 0 _aFinite dynamic programming:An aaprach to finite markov decsion processes
260 _aChichester
_bJohn Wiley
_c1978
300 _axiii,204p.
_ccm.
650 _a Decision makin g
650 _a Markov processes
650 _aDynamic programming
942 _hB2893P,2, L8
_cTEXL
_2CC
999 _c51839
_d51839